000 00593nam a2200169 i 4500
001 49421
003 ES-MaACL
005 20240512063033.0
007 t|
008 030715s1863 sp ||||1| spa d
100 1 _aCos-Gayón, Fernando,
_d1825-1898
_940977
245 1 0 _aCrónica del viaje de sus Majestades y Altezas reales a Andalucía y Murcia en setiembre y octubre de 1862 /
_cpor Fernando Cos-Gayón.
260 _aMadrid :
_b[s.n.],
_c1863 (
_fImp. Nacional)
300 _a380 p., 16 lám. ;
_c27 cm.
852 _aES-MaACL
_jG-6371
_xOlim: C-1720
999 _c49421
_d49421